| 000 | 00000nam##2200000za#4500 |
| 001 | 9.617255 |
| 003 | CaOODSP |
| 005 | 20211126112848 |
| 007 | ta |
| 008 | 150406|2005||||xxc||||| f|0| 0 eng|d |
| 022 | |a1192-5434 |
| 040 | |aCaOODSP|beng |
| 043 | |an-cn--- |
| 086 | 1 |aFB3-2/105-2E |
| 110 | 2 |aBank of Canada. |
| 245 | 14|aThe stochastic discount factor : |bextending the volatility bound and a new approach to portfolio selection with higher-order moments / |cby Fousseni Chabi-Yo, René Garcia, and Eric Renault. |
| 260 | |bBank of Canada |c2005. |
| 300 | |av, 39p. : |bgraphs, references ; |c28 cm. |
| 490 | 1 |aWorking paper|x1192-5434|v2005-2 |
| 520 | 3 |aThis working paper is part of a series that examines a range of economic and financial issues of interest to bankers, economists and policymakers. |
| 546 | |a(Résumé en français.) |
| 563 | |aProcessed |
| 590 | |a05-07|b2005-02-18 |
| 720 | 1 |aGarcia, René |
| 720 | 1 |aRenault, Eric |
| 776 | 0#|tThe stochastic discount factor : |w(CaOODSP)9.580942 |
| 830 | #0|aWorking paper,|x1192-5434|v2005-2|w(CaOODSP)9.514622 |